000 00601nam a2200217Ia 4500
001 9423
003 GE_BSU
008 181216s||||||||xx |||||||||||||| ||und||
040 _cGE_BSU
080 _a69+658.012(075.32)
100 _aМатюшин,В.Н.
245 _aПланирование строительства.
245 _bУчебное пособие.
245 _cРед. З.М.Глазунова.
260 _aМ.
260 _bСтройиздат.
260 _c1975.
300 _a315стр.
653 _aПланирование строительства.
942 _cBK
999 _c42717
_d42717